Alle Straßenbahnhaltestellen in Halle (Saale) - Statistiken

Allgemein
  • Dieses Quiz wurde 52 mal gespielt
  • Das Durchschnittsergebnis liegt bei 35 aus 110
Antwortstatistiken
Antwort % Korrekt
Hauptbahnhof
82%
Marktplatz
82%
Trotha
82%
Kröllwitz
79%
Franckeplatz
73%
Hallmarkt
73%
Riebeckplatz
73%
Reileck
70%
Am Steintor
67%
Rannischer Platz
64%
Moritzburgring
61%
Saline
61%
Frohe Zukunft
58%
Rennbahnkreuz
58%
Steinweg
58%
Am Leipziger Turm
55%
Burg Giebichenstein
55%
Freiimfelder Straße
55%
Neues Theater
55%
Beesen
52%
Büschdorf
52%
Göttinger Bogen
52%
Zoo
52%
Ammendorf
48%
Böllberg
48%
Hermannstraße
48%
Magdeburger Straße
48%
Südstadt
48%
Vogelweide
48%
An der Feuerwache
45%
Ankerstraße
45%
Elsa-Brändström-Straße
45%
Schwimmhalle
45%
Weinberg Campus
45%
Gertraudenfriedhof
42%
Berliner Brücke
39%
Glauchaer Platz
39%
Landesmuseum für Vorgeschichte
39%
Am Wasserturm
36%
Damaschkestraße
36%
Grenzstraße
36%
Soltauer Straße
36%
Talstraße
36%
Joliot-Curie-Platz
33%
Kantstraße
33%
Mühlweg
33%
S-Bahnhof Neustadt
33%
Triftstraße
30%
Gimritzer Damm
30%
Lessingstraße
30%
Fiete-Schulze-Straße
27%
Huttenstraße
27%
Käthe-Kollwitz-Straße
27%
Paul-Suhr-Straße
27%
Pfännerhöhe
27%
Robert-Koch-Straße
27%
Seebener Straße
27%
Straßburger Weg
27%
Volkspark
27%
Willy-Lohmann-Straße
27%
Heide-Universitätsklinikum
24%
Hyazinthenstraße
24%
Lutherstraße
24%
S-Bahnhof Steintorbrücke
24%
Zentrum Neustadt
24%
Alfred-Schneider-Straße
21%
An der Eselsmühle
21%
Diakoniewerk Halle
21%
Kurallee
21%
Louise-Otto-Peters-Straße
21%
Melanchthonstraße
21%
Moskauer Straße
21%
Schwuchtstraße
21%
Wörmlitz
21%
Am Grünen Feld
18%
Betriebshof Rosengarten
18%
Bitterfelder Straße
18%
Blücherstraße/Peißnitzinsel
18%
Friesenstraße
18%
Heinrich-Schütz-Straße
18%
S-Bahnhof Dessauer Brücke
18%
Spechtweg
18%
Am Breiten Pfuhl
15%
Betriebshof Freiimfelder Straße
15%
Diesterwegstraße
15%
Pfarrstraße
15%
Äußere Hordorfer Straße
12%
Braunschweiger Bogen
12%
Hegelstraße
12%
Kornblumenweg
12%
Mark-Twain-Straße
12%
S-Bahnhof Rosengarten
12%
S-Bahnhof Silberhöhe
12%
S-Bahnhof Südstadt
12%
Wiener Straße
12%
Emil-Eichhorn-Straße
9%
Florian-Geyer-Platz
9%
Freyburger Straße
9%
Kurt-Tucholsky-Straße
9%
Am Klausberg
6%
Am Sommerbad
6%
BG Klinikum Bergmannstrost Halle
6%
Gustav-Staude-Straße
6%
Kurt-Wüsteneck-Straße
6%
Ludwigstraße
6%
Passendorfer Weg
6%
Theodor-Neubauer-Straße
6%
Anhalter Platz
3%
Brühlstraße
3%
Mindener Straße
3%
Keine übereinstimmenden Quizze gefunden
Verteilung der Resultate
Anzahl Personen mit jedem Resultat
Perzentil nach korrekt beantworteten Fragen
Ihre Resultats-Entwicklung
Sie haben dieses Quiz noch nicht gespielt